| 000 | 00746nam a2200205 a 4500 | ||
|---|---|---|---|
| 001 | BRCA_1687 | ||
| 005 | 20190320203516.0 | ||
| 008 | 021203s2002 sp-a---##b---f001-0#spa-# | ||
| 020 | _a8488699573 | ||
| 040 |
_aDLC _cDLC |
||
| 050 | 4 |
_aZ1012 _b.N84 2002 |
|
| 245 | 1 | 0 |
_aNuevos ingresos de impresos antiguos en la Biblioteca Nacional _bsiglos XVI-XIX _cdirección Julián Martín Abad. |
| 260 |
_aMadrid _bBiblioteca Nacional : Ministerio de Educación, Cultura y Deporte _c2002 |
||
| 300 |
_a171 p. _bil. _c29 cm. |
||
| 610 | 2 | 4 |
_aBiblioteca Nacional (España) _vCatálogos _95276 |
| 650 | 1 | 4 |
_aLibros impresos antiguos _vBibliografía _95277 |
| 650 | 1 | 4 |
_aLibros raros _vBibliografía _95278 |
| 700 | 1 |
_aMartín Abad, Julián _95279 |
|
| 942 |
_2lcc _cB |
||
| 999 |
_c1480 _d1480 |
||